Ochranná známka - právne a ekonomické aspekty diplomová práca

Na minha lista:
Detalhes bibliográficos
Autor principal: Boguská, Lívia
Autor Corporativo: Obchodná fakulta EU. Katedra obchodného práva
Outros Autores: Kropaj, Marián, 1983-
Formato: Livro
Idioma:eslovaco
Publicado em: Bratislava 2021
Tags: Adicionar Tag
Sem tags, seja o primeiro a adicionar uma tag!

MARC

LEADER 00000nbm a2200000 4500
001 0274390
005 20220131132111.2
041 0 |a slo 
044 |a SK 
245 1 0 |a Ochranná známka - právne a ekonomické aspekty  |b diplomová práca  |c Lívia Boguská ; školiteľ: Marian Kropaj 
264 1 |a Bratislava  |c 2021 
300 |a 60 s. 
100 1 |a Boguská, Lívia 
700 1 |a Kropaj, Marián, 1983- 
710 2 |a Obchodná fakulta EU. Katedra obchodného práva